Statistics for Country Flag-Shape Quiz-Under 1 Million

Click here to take the quiz!

General Stats

  • This quiz has been taken 12 times
  • The average score is 34 of 37

Answer Stats

Answer% Correct
Andorra
100%
Antigua and Barbuda
100%
Bahamas
100%
Barbados
100%
Bhutan
100%
Brunei
100%
Dominica
100%
Guyana
100%
Liechtenstein
100%
Luxembourg
100%
Malta
100%
Monaco
100%
Saint Kitts and Nevis
100%
San Marino
100%
Solomon Islands
100%
Suriname
100%
Vatican City
100%
Belize
90%
Comoros
90%
Djibouti
90%
Fiji
90%
Grenada
90%
Kiribati
90%
Marshall Islands
90%
Nauru
90%
Palau
90%
Saint Lucia
90%
Saint Vincent and the Grenadines
90%
Samoa
90%
Seychelles
90%
Vanuatu
90%
Cape Verde
80%
Federated States of Micronesia
80%
Sao Tome and Principe
80%
Tonga
80%
Maldives
70%
Tuvalu
70%

Score Distribution

Percentile by Number Answered

Percent of People with Each Score

Your Score History

You have not taken this quiz